[Event "Pfalz op-A 11th"]
[Site "Neustadt an der Weinstrasse"]
[Date "2020.02.22"]
[Round "2"]
[White "Becker, Dirk"]
[Black "Peters, Jens"]
[Result "1-0"]
[WhiteElo "2258"]
[BlackElo "1901"]
[PlyCount "55"]
[EventDate "2020.02.21"]
[EventType "swiss"]
[EventRounds "9"]
[EventCountry "GER"]
[SourceTitle "CBM 195 Extra"]
[Source "ChessBase"]
[SourceDate "2020.05.31"]
[SourceVersion "1"]
[SourceVersionDate "2020.05.31"]
[SourceQuality "1"]

1. d4 d5 2. Bf4 Nf6 3. e3 c5 4. Nc3 e6 5. Nb5 Na6 6. c3 Be7 7. h3 0-0 8. Nf3 Bd7 9. a4 Bxb5 10. axb5 Nb8 11. Bd3 Nbd7 12. 0-0 Ne4 13. c4 cxd4 14. exd4 f5 15. c5 g5 16. Bh2 Ndf6 17. Ne5 Nd7 18. f3 Nxe5 19. Bxe5 Nf6 20. Qe2 f4 21. Rfc1 Nh5 22. c6 Ng3 23. Qc2 Rf7 24. cxb7 Rb8 25. Bxb8 Qxb8 26. Qc8+ Rf8 27. Qxb8 Rxb8 28. Rc8+ 1-0

[Event "Solingen Karneval op"]
[Site "Solingen"]
[Date "2015.02.13"]
[Round "1"]
[White "Peters, Jens"]
[Black "Ljuboschiz, Alexander"]
[Result "1/2-1/2"]
[WhiteElo "1781"]
[BlackElo "2127"]
[PlyCount "93"]
[EventDate "2015.02.13"]
[EventType "swiss"]
[EventRounds "5"]
[EventCountry "GER"]
[SourceTitle "EXT 2016"]
[Source "ChessBase"]
[SourceDate "2015.10.08"]
[SourceVersion "1"]
[SourceVersionDate "2015.10.08"]
[SourceQuality "1"]

1. e4 e5 2. Nf3 Nc6 3. d4 exd4 4. Bc4 Nf6 5. e5 Ng4 6. Qe2 Qe7 7. Bf4 d6 8. exd6 Qxe2+ 9. Kxe2 Bxd6 10. Bxd6 cxd6 11. Rd1 Nge5 12. Nbd2 Bg4 13. h3 Bxf3+ 14. gxf3 0-0 15. Bb5 Rac8 16. a3 d3+ 17. Bxd3 Nd4+ 18. Kf1 Nxc2 19. Bxc2 Rxc2 20. b4 Rfc8 21. Ne4 Nc4 22. Nxd6 Nxd6 23. Rxd6 g6 24. Rad1 R8c3 25. R6d3 Kg7 26. Kg2 Rc7 27. Rd7 h5 28. Rxc7 Rxc7 29. Rd4 Kf6 30. Kg3 Ke5 31. Re4+ Kd5 32. Kf4 Kd6 33. Re3 f6 34. Rd3+ Ke6 35. Re3+ Kf7 36. Re4 Rc2 37. Rd4 Rc7 38. Re4 Rd7 39. Rc4 Re7 40. Rd4 g5+ 41. Kg3 Rc7 42. Re4 Kg6 43. Rd4 h4+ 44. Kg2 Re7 45. f4 Rc7 46. fxg5 fxg5 47. Rd6+ 1/2-1/2

[Event "Solingen Karneval op"]
[Site "Solingen"]
[Date "2013.02.10"]
[Round "5"]
[White "Falge, Rainer"]
[Black "Peters, Jens"]
[Result "1-0"]
[WhiteElo "1739"]
[BlackElo "1304"]
[PlyCount "45"]
[EventDate "2013.02.08"]
[EventType "swiss"]
[EventRounds "5"]
[EventCountry "GER"]
[SourceTitle "EXT 2015"]
[Source "ChessBase"]
[SourceDate "2014.11.20"]
[SourceVersion "1"]
[SourceVersionDate "2014.11.20"]
[SourceQuality "1"]

1. e4 e6 2. d4 d5 3. exd5 exd5 4. Nf3 Bd6 5. Nc3 Ne7 6. Bg5 f6 7. Be3 Nbc6 8. Nb5 Bg4 9. Be2 Bb4+ 10. c3 Ba5 11. 0-0 a6 12. Na3 Qd7 13. Nc2 0-0-0 14. b4 Bb6 15. a4 Nb8 16. Na3 g5 17. b5 a5 18. c4 Bxf3 19. Bxf3 dxc4 20. Nxc4 Bxd4 21. Bxd4 Qxd4 22. Rc1 Qxd1 23. Nb6# 1-0

[Event "Solingen Karneval op"]
[Site "Solingen"]
[Date "2013.02.08"]
[Round "1"]
[White "Vranidis, Athanassios"]
[Black "Peters, Jens"]
[Result "1-0"]
[WhiteElo "1879"]
[BlackElo "1304"]
[PlyCount "45"]
[EventDate "2013.02.08"]
[EventType "swiss"]
[EventRounds "5"]
[EventCountry "GER"]
[SourceTitle "EXT 2015"]
[Source "ChessBase"]
[SourceDate "2014.11.20"]
[SourceVersion "1"]
[SourceVersionDate "2014.11.20"]
[SourceQuality "1"]

1. d4 d5 2. c4 c6 3. Nf3 Nf6 4. Nc3 a6 5. e3 b5 6. b3 e6 7. Bd3 Nbd7 8. 0-0 bxc4 9. bxc4 c5 10. e4 cxd4 11. Nxd4 Bc5 12. Nc6 Qc7 13. exd5 0-0 14. Rb1 Bb7 15. Nb4 Bxb4 16. Rxb4 exd5 17. Nxd5 Nxd5 18. cxd5 Bxd5 19. Bxh7+ Kxh7 20. Qh5+ Kg8 21. Rh4 f6 22. Qxd5+ Rf7 23. Qxa8+ 1-0